|
|
|
|
| LEADER |
00000nab a2200000uu 4500 |
| 001 |
vtls010880510 |
| 003 |
SK-MaSNL |
| 005 |
20260303145145.0 |
| 008 |
230222|1998 xo |||||||||||||||||slo| |
| 015 |
|
|
|a SNBRB
|
| 035 |
|
|
|a (urnnbn)urn:nbn:sk:snk:ar-005z9d
|
| 035 |
|
|
|a (uuid)64b3305c-1fdf-4f7d-ba32-6252ebd0f52e
|
| 035 |
|
|
|a urn:nbn:sk:snk-ab7p37
|
| 040 |
|
|
|a SNKBUCL
|b slo
|c SNKBUCL
|e AACR2
|
| 041 |
0 |
|
|a slo
|
| 044 |
|
|
|a xo
|c SK
|
| 100 |
1 |
|
|a Boroš, Július,
|d 1934-2004
|4 aut
|9 107754
|
| 245 |
1 |
0 |
|a Drogy - pedagogický problém :
|b Zborník Pedagogickej fakulty UKF, Nitra 1997
|c J. Boroš
|
| 773 |
0 |
|
|t Pedagogická revue : časopis pre pedagogickú teóriu a prax
|g Roč. 50, č. mimoriadne číslo (1998), s. 96-98
|
| 954 |
|
|
|a odborná, vedecká literatúra pôvodná (slovenská)
|2 lita
|
| 958 |
|
|
|a OND
|
| 958 |
|
|
|a EUIPO
|
| 958 |
|
|
|a article8
|
| 999 |
|
|
|c 2000968
|d 2002898
|